Imidž štátu ako cestovného cieľa

Tvorba pozitívneho image štátu v medzinárodnom cestovnom ruchu. Podstata image. Image vo vzťahu k ponuke a dopytu. Predpoklady utvárania pozitívneho image štátu. Využitie image cieľového miesta v propagácii.

Salvato in:
Dettagli Bibliografici
Autore principale: Vanková, M.
Natura: Capitolo di libro
Lingua:slovacco
Soggetti:
Tags: Aggiungi Tag
Nessun Tag, puoi essere il primo ad aggiungerne!!

MARC

LEADER 00000naa a2200000 4500
001 r022657
005 20230724101601.1
041 0 |a slo 
044 |a SK 
245 1 0 |a Imidž štátu ako cestovného cieľa  |c M. Vanková 
520 |a Tvorba pozitívneho image štátu v medzinárodnom cestovnom ruchu. Podstata image. Image vo vzťahu k ponuke a dopytu. Predpoklady utvárania pozitívneho image štátu. Využitie image cieľového miesta v propagácii. 
610 2 0 |a ruch cestovný 
610 2 0 |a štát 
610 2 0 |a ruch cestovný medzinárodný 
610 2 0 |a propagácia 
610 2 0 |a imidž 
610 2 0 |a ponuka 
610 2 0 |a dopyt 
100 1 |a Vanková, M.